[Event "CAT-ch Open-Women 2019"]
[Site "Platja de la Pineda"]
[Date "2019.04.21"]
[Round "7.9"]
[White "Barbero Sendic, Alejandro"]
[Black "Del Amo Carbo, Jordi"]
[Result "1/2-1/2"]
[WhiteElo "2361"]
[BlackElo "2175"]
[Annotator "ChessBase"]
[PlyCount "232"]
[EventDate "2019.04.18"]
[EventType "swiss"]
[EventCountry "ESP"]
[SourceTitle "playchess.com"]
[Source "ChessBase"]
[SourceQuality "1"]
[TimeControl "5400+30"]

1. e4 e5 2. Nf3 Nc6 3. Bb5 a6 4. Bxc6 dxc6 5. O-O f6 6. d4 exd4 7. Nxd4 Ne7 8. Nc3 Ng6 9. h3 Bd6 10. Qh5 O-O 11. Nf5 Bxf5 12. Qxf5 Qe7 13. Be3 Rad8 14. Rad1 Rfe8 15. f4 Bb4 16. Rxd8 Rxd8 17. Nd1 Qf7 18. a3 Bf8 19. Qa5 Kh8 20. Nf2 Bd6 21. Rd1 Re8 22. Qd2 Qc4 23. g3 Qf7 24. Qe2 Nf8 25. c4 c5 26. b4 Qe7 27. Qh5 Nd7 28. Qd5 b6 29. b5 a5 30. Bc1 Qe6 31. Bb2 Nf8 32. Kg2 Kg8 33. Kf3 Kf7 34. h4 Qxd5 35. Rxd5 Be7 36. e5 Rc8 37. Ne4 f5 38. e6+ Kxe6 39. Re5+ Kd7 40. Rxf5 g6 41. Rf7 Ke6 42. Rg7 c6 43. bxc6 Rxc6 44. a4 Rc8 45. Be5 Rd8 46. Ke2 Rd7 47. Nc3 Bd8 48. Rg8 Kf7 49. Rg7+ Ke6 50. Nd5 Rxg7 51. Bxg7 Nd7 52. g4 Bxh4 53. g5 Kf7 54. Bc3 Kg8 55. Kf3 h6 56. Kg4 hxg5 57. Nf6+ Nxf6+ 58. Bxf6 Be1 59. Bxg5 Kf7 60. Bd8 Bd2 61. Bxb6 Bb4 62. f5 Kf6 63. Bd8+ Kf7 64. fxg6+ Kxg6 65. Kf4 Kf7 66. Ke5 Ke8 67. Bb6 Kd7 68. Kd5 Bc3 69. Kxc5 Kc8 70. Kb5 Kb7 71. Bxa5 Bd4 72. Bb4 Be3 73. a5 Bd4 74. a6+ Ka8 75. Kc6 Be3 76. Be7 Bd4 77. Bc5 Bf6 78. Bb6 Be7 79. Bc5 Bf6 80. Kd5 Bg5 81. Kc6 Bf6 82. Bb4 Bd4 83. Ba5 Ka7 84. Kb5 Be3 85. Bb4 Ka8 86. Bc5 Bg5 87. Kc6 Bf6 88. Kc7 Bg5 89. Kd7 Bh6 90. Bf2 Bf8 91. Bb6 Bb4 92. Kc7 Bf8 93. Bd4 Bb4 94. Be5 Bc5 95. Kc6 Be7 96. Kd5 Ka7 97. Bd6 Bd8 98. c5 Kxa6 99. Kc6 Ba5 100. Kd7 Kb5 101. c6 Bb6 102. Bb8 Ba5 103. Ba7 Ka6 104. Be3 Kb5 105. Bg5 Bb6 106. Bd2 Bd8 107. Bb4 Bb6 108. Be1 Bd8 109. Bg3 Bb6 110. Bc7 Be3 111. Ba5 Bf4 112. Bd2 Bh2 113. Be3 Bg3 114. Bg5 Kc5 115. Bd8 Kd5 116. Bc7 Be1 1/2-1/2

[Event "CAT-ch Open-Women 2019"]
[Site "Platja de la Pineda"]
[Date "2019.04.21"]
[Round "7.9"]
[White "Jareno Badenas, Aleix"]
[Black "Lozano Ruiz, David"]
[Result "1-0"]
[WhiteElo "2055"]
[BlackElo "1898"]
[Annotator "NA"]
[PlyCount "85"]
[EventDate "2019.04.18"]
[EventType "swiss"]
[EventCountry "ESP"]
[SourceTitle "playchess.com"]
[Source "ChessBase"]
[SourceQuality "1"]
[TimeControl "5400+30"]

1. Nf3 f5 2. e4 fxe4 3. Ng5 Nf6 4. d3 d5 5. dxe4 e5 6. exd5 Qxd5 7. Qxd5 Nxd5 8. Bc4 c6 9. O-O h6 10. Ne4 Be6 11. Re1 Nd7 12. Nbc3 O-O-O 13. Bb3 N7f6 14. Bd2 Be7 15. Rad1 Rhe8 16. a3 Bf8 17. Bc1 Bg8 18. Nxf6 Nxf6 19. Rxd8+ Kxd8 20. Bxg8 Nxg8 21. Rd1+ Kc7 22. Ne4 Nf6 23. Nxf6 gxf6 24. g4 Rd8 25. Rxd8 Kxd8 26. Kg2 Ke8 27. Kf3 Kf7 28. h4 Ke6 29. Ke4 Bg7 30. h5 b6 31. Be3 c5 32. b4 cxb4 33. axb4 Bf8 34. b5 Bg7 35. Bd2 Bf8 36. c4 Bg7 37. Bb4 f5+ 38. gxf5+ Kf6 39. f4 exf4 40. Bc3+ Kf7 41. Bxg7 Kxg7 42. Kxf4 Kf6 43. Ke4 1-0

[Event "CAT-ch Open-Women 2019"]
[Site "Platja de la Pineda"]
[Date "2019.04.21"]
[Round "7.10"]
[White "Herrera Reyes, Jose Antonio"]
[Black "Ros Alonso, Jaume"]
[Result "1-0"]
[WhiteElo "2355"]
[BlackElo "2182"]
[Annotator "NA"]
[PlyCount "77"]
[EventDate "2019.04.18"]
[EventType "swiss"]
[EventCountry "ESP"]
[SourceTitle "playchess.com"]
[Source "ChessBase"]
[SourceQuality "1"]
[TimeControl "5400+30"]

1. e4 c5 2. c3 Nf6 3. e5 Nd5 4. d4 cxd4 5. Nf3 e6 6. cxd4 d6 7. Bc4 Nb6 8. Bd3 dxe5 9. dxe5 Na6 10. Qe2 Nc5 11. Bc2 Nd5 12. O-O Be7 13. Qc4 O-O 14. Rd1 Qc7 15. Na3 Bd7 16. Bg5 f6 17. Qh4 g6 18. exf6 Nxf6 19. b4 Na6 20. Rac1 Bc6 21. Bb3 Rad8 22. b5 Rxd1+ 23. Rxd1 Bxf3 24. Bxe6+ Kh8 25. gxf3 Nc5 26. Bc4 Ncd7 27. Nb1 Ne5 28. Be2 Qc2 29. Nd2 h5 30. Qd4 Qf5 31. f4 Nf7 32. Nf3 Nxg5 33. fxg5 Qg4+ 34. Qxg4 Nxg4 35. h3 Bc5 36. hxg4 hxg4 37. Nd4 g3 38. Nf3 gxf2+ 39. Kf1 1-0

[Event "CAT-ch Open-Women 2019"]
[Site "Platja de la Pineda"]
[Date "2019.04.21"]
[Round "7.10"]
[White "Ros Alonso, Joana"]
[Black "Martin Barcelo, Carles"]
[Result "1/2-1/2"]
[WhiteElo "1954"]
[BlackElo "2030"]
[Annotator "NA"]
[PlyCount "50"]
[EventDate "2019.04.18"]
[EventType "swiss"]
[EventCountry "ESP"]
[SourceTitle "playchess.com"]
[Source "ChessBase"]
[SourceQuality "1"]
[TimeControl "5400+30"]

1. e4 e6 2. d4 d5 3. Nd2 c5 4. Ngf3 cxd4 5. Nxd4 Nf6 6. exd5 Nxd5 7. N2f3 Bb4+ 8. Bd2 O-O 9. c3 Be7 10. Qc2 Bf6 11. O-O-O Bd7 12. Bd3 h6 13. h4 Bxd4 14. Nxd4 Nc6 15. Nxc6 Bxc6 16. c4 Nf6 17. Bb4 Re8 18. Bh7+ Nxh7 19. Rxd8 Raxd8 20. Bc3 e5 21. Rg1 Nf8 22. g4 Bf3 23. Qf5 e4 24. Bd2 b6 25. Be3 Ng6 1/2-1/2

[Event "CAT-ch Open-Women 2019"]
[Site "Platja de la Pineda"]
[Date "2019.04.21"]
[Round "7.11"]
[White "Chueca Forcen, Alberto"]
[Black "Garcia Ramos, Daniel"]
[Result "1-0"]
[WhiteElo "2270"]
[BlackElo "2286"]
[Annotator "NA"]
[PlyCount "97"]
[EventDate "2019.04.18"]
[EventType "swiss"]
[EventCountry "ESP"]
[SourceTitle "playchess.com"]
[Source "ChessBase"]
[SourceQuality "1"]
[TimeControl "5400+30"]

1. d4 d5 2. c4 c6 3. cxd5 cxd5 4. Nc3 Nc6 5. Nf3 Nf6 6. Bf4 Bf5 7. Qb3 Na5 8. Qa4+ Bd7 9. Qc2 e6 10. e3 Rc8 11. Bd3 Bb4 12. O-O O-O 13. Ne5 h6 14. h3 Qe7 15. a3 Bxc3 16. bxc3 Rfd8 17. Bg3 b6 18. Bh4 g5 19. Bg3 Nc4 20. Bxc4 dxc4 21. f4 Be8 22. fxg5 hxg5 23. Rf3 Nh5 24. Bh2 f6 25. Ng4 f5 26. Ne5 Ng7 27. g4 Bd7 28. Nxd7 Rxd7 29. Be5 Rf8 30. Qa4 Rdd8 31. Raf1 fxg4 32. hxg4 Rxf3 33. Rxf3 Qb7 34. Kf2 b5 35. Qc2 Rf8 36. Rxf8+ Kxf8 37. Qh7 Qf7+ 38. Ke2 Ne8 39. Qh6+ Ke7 40. Qxg5+ Kd7 41. Bf4 a6 42. Qc5 Qg6 43. Kf3 Qb1 44. Qa7+ Kd8 45. Bg5+ Kc8 46. Qa8+ Kc7 47. Bf4+ Nd6 48. Qa7+ Kd8 49. Qb8+ 1-0

[Event "CAT-ch Open-Women 2019"]
[Site "Platja de la Pineda"]
[Date "2019.04.21"]
[Round "7.11"]
[White "Pla Almenar, Nel"]
[Black "Marin Martorel, Jose"]
[Result "1-0"]
[WhiteElo "2006"]
[BlackElo "1799"]
[Annotator "NA"]
[PlyCount "55"]
[EventDate "2019.04.18"]
[EventType "swiss"]
[EventCountry "ESP"]
[SourceTitle "playchess.com"]
[Source "ChessBase"]
[SourceQuality "1"]
[TimeControl "5400+30"]

1. d4 Nf6 2. c4 g6 3. Nc3 Bg7 4. e4 O-O 5. f3 d6 6. Be3 Nc6 7. Nge2 e5 8. d5 Ne7 9. Qd2 Re8 10. g4 a6 11. Ng3 Bd7 12. h4 b5 13. h5 Kf8 14. Bh6 Neg8 15. Bxg7+ Kxg7 16. g5 Nxh5 17. Nxh5+ gxh5 18. Rxh5 Ne7 19. O-O-O Ng6 20. Qh2 Rh8 21. Ne2 Qe7 22. Bh3 bxc4 23. Rh1 Bxh3 24. Qxh3 Rag8 25. Ng3 Kf8 26. Qc8+ Qe8 27. Qxc7 Qe7 28. Qb8+ 1-0

[Event "CAT-ch Open-Women 2019"]
[Site "Platja de la Pineda"]
[Date "2019.04.21"]
[Round "7.12"]
[White "Hernando Rodrigo, Julio Antonio"]
[Black "Millaret Lores, Francesc"]
[Result "0-1"]
[WhiteElo "2308"]
[BlackElo "2028"]
[Annotator "NA"]
[PlyCount "62"]
[EventDate "2019.04.18"]
[EventType "swiss"]
[EventCountry "ESP"]
[SourceTitle "playchess.com"]
[Source "ChessBase"]
[SourceQuality "1"]
[TimeControl "5400+30"]

1. d4 Nf6 2. c4 c5 3. d5 b5 4. cxb5 a6 5. Nc3 axb5 6. e4 b4 7. Nb5 d6 8. Bf4 g5 9. Bxg5 Nxe4 10. Nf3 Bg7 11. Bd3 Nxg5 12. Nxg5 h6 13. Ne4 Nd7 14. O-O Nf6 15. Ng3 h5 16. a4 Ra5 17. Re1 Kf8 18. Qb3 Bd7 19. Nf1 Ng4 20. Nd2 Ne5 21. Bf1 Bh6 22. Ne4 Bf5 23. Nxc5 Rg8 24. Nb7 Qb6 25. Nxa5 Qxa5 26. Nd4 Bg4 27. Nc6 Nxc6 28. dxc6 Qc5 29. Qc4 Qxc4 30. Bxc4 Bf3 31. c7 Rxg2+ 0-1

[Event "CAT-ch Open-Women 2019"]
[Site "Platja de la Pineda"]
[Date "2019.04.21"]
[Round "7.12"]
[White "Biosca Caballe, Nestor"]
[Black "Garcia Espelta, Josep"]
[Result "0-1"]
[WhiteElo "1864"]
[BlackElo "2037"]
[Annotator "NA"]
[PlyCount "80"]
[EventDate "2019.04.18"]
[EventType "swiss"]
[EventCountry "ESP"]
[SourceTitle "playchess.com"]
[Source "ChessBase"]
[SourceQuality "1"]
[TimeControl "5400+30"]

1. e4 c5 2. Nf3 e6 3. d4 cxd4 4. Nxd4 a6 5. g3 d5 6. e5 Nc6 7. f4 Nxd4 8. Qxd4 Qc7 9. Nc3 Bc5 10. Qa4+ Bd7 11. Bb5 Rc8 12. Bxd7+ Qxd7 13. Qxd7+ Kxd7 14. Bd2 Ne7 15. O-O-O h5 16. Rhe1 Nf5 17. Kb1 Rc6 18. Bc1 Bb4 19. Bd2 Kc8 20. Ne4 Be7 21. Ng5 Bxg5 22. fxg5 Rc4 23. Bf4 Kd7 24. h4 Rhc8 25. c3 g6 26. Re2 b5 27. Rd3 a5 28. a3 b4 29. axb4 axb4 30. cxb4 Rxb4 31. b3 Rcb8 32. Rb2 Re4 33. Ra2 Rb7 34. Ra6 Reb4 35. Ka2 Re4 36. Ra8 Re2+ 37. Ka3 d4 38. Rf8 Kc6 39. b4 Kd5 40. Rb3 Ra7# {Rd3 Rb7 Rd2 Rxd2 Bxd2 Kc4 Rc8+ Kd5 Rf8 Kxe5 Rb8 Rxb8 Bf4+ Kd5 Bxb8 d3 Bf4 Kc4 b5 Nd4 b6 Nc6 Kb2 e5 Be3 Na5 Kc1 Kd5 Bd2 Nb7 Bc3 Ke4 Kd2 Nc5 Kd1 Kd5 Kd2 e4 Bb4 Na6 Ba5 Kd4 Bc3+ Kd5 Ba5 Ke5 Ke3 Kf5 Bc3 Nc5 Bd4 Nb7 Kd2 Kg4 Be5 Kf3 Bf4 Na5 Kc3 Ke2 Kb4 Nb7 Kc3 e3} 0-1

[Event "CAT-ch Open-Women 2019"]
[Site "Platja de la Pineda"]
[Date "2019.04.22"]
[Round "8.1"]
[White "Guerra Mendez, Jose Angel"]
[Black "Diaz Camallonga, Carles"]
[Result "1/2-1/2"]
[WhiteElo "2531"]
[BlackElo "2432"]
[Annotator "TA"]
[PlyCount "77"]
[EventDate "2019.04.18"]
[EventType "swiss"]
[EventCountry "ESP"]
[SourceTitle "playchess.com"]
[Source "ChessBase"]
[SourceQuality "1"]

{[%evp 9,77,2,3,0,18,0,0,0,4,0,25,25,17,18,20,20,45,37,30,35,48,39,46,29,29,31,27,29,31,19,19,20,27,17,17,11,12,12,12,12,28,34,31,27,39,18,23,0,43,0,25,17,22,15,20,15,81,8,8,8,8,8,8,8,8,9,10,0,0,0]} 1. e4 e6 2. d4 d5 3. exd5 exd5 4. Nf3 Nf6 5. h3 Bd6 (5... Be7 6. c4 O-O 7. Be2 dxc4 8. Bxc4 Nbd7 9. O-O Nb6 10. Bb3 Nbd5 11. Nc3 h6 12. Re1 Be6 13. Bd2 {½-½ (52) Muzychuk,M (2529)-Hou,Y (2673) Beijing 2014}) 6. Bd3 {C01: French: Exchange Variation} Qe7+ 7. Be3 c5 $146 ({Predecessor:} 7... Bf4 8. Qe2 Bxe3 9. Qxe3 Qxe3+ 10. fxe3 O-O 11. O-O Nbd7 12. Nbd2 c5 13. c4 {½-½ (50) Lacno,F (1711)-Duneas,J (2086) Tumon 2019}) 8. O-O c4 9. Be2 h6 10. b3 cxb3 11. axb3 Bf5 12. Bb5+ Bd7 13. Bd3 O-O 14. Re1 {Bxh6! is the strong threat.} Be6 15. Ne5 Nc6 16. Nxc6 bxc6 17. Bc1 Rfe8 18. Ba3 c5 19. Bxc5 Bxc5 20. dxc5 Qxc5 21. Nd2 a5 22. Nf3 Bd7 23. Rxe8+ Bxe8 24. Qe1 {aiming for b4!} Bc6 25. Qe5 Nd7 26. Qd4 (26. Qc7 {is more complex.} Qb6 27. Qxb6 Nxb6 28. Nd4 Bd7 29. Bb5) 26... Qd6 27. Qc3 Qc5 $1 {[%cal Rc5c3]} 28. Qd4 Qd6 29. Qc3 (29. c3 {feels hotter.} Nc5 30. Bc2 Ne6 31. Qd2 Nc5 32. Nd4) 29... Qc5 $1 {[%cal Rc5c3]} 30. Qxc5 Nxc5 31. Nd4 Be8 32. Bb5 Kf8 (32... Bxb5 $11 33. Nxb5 Ne6) 33. Kf1 ({White should play} 33. b4 $16 Nb7 34. Ra4) 33... Ne6 $11 {The position is equal.} 34. Nxe6+ fxe6 35. Bxe8 Kxe8 36. Ke2 Rc8 37. Kd3 Rc5 38. f4 Ke7 39. Re1 {Accuracy: White = 53%, Black = 77%.} 1/2-1/2

[Event "CAT-ch Open-Women 2019"]
[Site "Platja de la Pineda"]
[Date "2019.04.22"]
[Round "8.2"]
[White "Perez Mitjans, Orelvis"]
[Black "Munoz, Miguel"]
[Result "1/2-1/2"]
[WhiteElo "2377"]
[BlackElo "2509"]
[Annotator "TA"]
[PlyCount "39"]
[EventDate "2019.04.18"]
[EventType "swiss"]
[EventCountry "ESP"]
[SourceTitle "playchess.com"]
[Source "ChessBase"]
[SourceQuality "1"]

{[%evp 20,39,37,33,29,25,37,45,46,47,33,18,17,0,6,0,0,0,8,21,24,20]} 1. e4 c5 2. Nf3 Nc6 3. Bb5 g6 4. Bxc6 dxc6 5. d3 Bg7 6. h3 Nf6 7. Nc3 Nd7 8. Be3 e5 9. Qd2 Qe7 10. Bh6 Bxh6 11. Qxh6 f6 {B31: Sicilian: 2...Nc6 3 Bb5 g6} 12. Nd2 Nf8 13. f4 exf4 {White is slightly better.} 14. Qxf4 Ne6 15. Qf2 Nd4 16. Nb3 Qe5 {[#]} 17. O-O-O $146 ({Predecessor:} 17. O-O O-O 18. Rae1 Be6 19. Kh1 Rad8 20. Nxd4 Qxd4 21. Qg3 Qe5 22. Qf2 b6 {½-½ (22) Iordachescu,V (2589)-San Segundo Carrillo,P (2508) Ohrid 2001}) 17... Be6 18. Nxd4 cxd4 19. Ne2 O-O-O 20. Rhf1 1/2-1/2

[Event "CAT-ch Open-Women 2019"]
[Site "Platja de la Pineda"]
[Date "2019.04.22"]
[Round "8.2"]
[White "Ros Alonso, Jaume"]
[Black "Fernandez Fuentes, Fco. Javier"]
[Result "1/2-1/2"]
[WhiteElo "2182"]
[BlackElo "2090"]
[Annotator "NA"]
[PlyCount "70"]
[EventDate "2019.04.18"]
[EventType "swiss"]
[EventCountry "ESP"]
[SourceTitle "playchess.com"]
[Source "ChessBase"]
[SourceQuality "1"]
[TimeControl "5400+30"]

1. e4 c5 2. Nf3 d6 3. d4 cxd4 4. Nxd4 Nf6 5. Nc3 a6 6. Be3 Ng4 7. Bc1 Nf6 8. Be3 Ng4 9. Bg5 h6 10. Bh4 g5 11. Bg3 Bg7 12. h3 Ne5 13. Be2 Nbc6 14. Nf5 Bxf5 15. exf5 O-O 16. Nd5 e6 17. fxe6 fxe6 18. Ne3 d5 19. O-O Ng6 20. c3 Nce5 21. Ng4 Nc6 22. Re1 Qd7 23. Qc2 Qf7 24. Rad1 h5 25. Bd3 Nf4 26. Bxf4 Qxf4 27. g3 Qc7 28. Nh2 Ne5 29. Qe2 Qf7 30. Bb1 Rae8 31. Kg2 g4 32. hxg4 hxg4 33. Rh1 Qf3+ 34. Qxf3 gxf3+ 35. Kg1 Rf6 1/2-1/2

[Event "CAT-ch Open-Women 2019"]
[Site "Platja de la Pineda"]
[Date "2019.04.22"]
[Round "8.3"]
[White "Gonzalez Garcia, Jose"]
[Black "Esplugas Esteve, Vicenc"]
[Result "1/2-1/2"]
[WhiteElo "2492"]
[BlackElo "2297"]
[Annotator "TA"]
[PlyCount "40"]
[EventDate "2019.04.18"]
[EventType "swiss"]
[EventCountry "ESP"]
[SourceTitle "playchess.com"]
[Source "ChessBase"]
[SourceQuality "1"]

{[%evp 13,40,0,0,-9,-4,0,0,-7,0,-2,6,-2,0,0,0,0,0,0,6,0,6,7,0,2,8,-18,-13,-41,0]} 1. d4 Nf6 2. c4 e6 3. Nc3 Bb4 4. g3 d5 5. Bg2 O-O 6. Nf3 dxc4 7. O-O Nc6 8. Qa4 {E20: Nimzo-Indian: 4 g3 and 4 f3} Nd5 9. Qc2 Be7 10. Rd1 {The position is equal.} Rb8 (10... Ncb4 11. Qd2 c5 12. dxc5 Nxc3 13. bxc3 Nc6 14. Qc2 Qa5 15. Ng5 Bxg5 16. Bxg5 Qxc5 {½-½ (44) Cheparinov,I (2709)-Gelfand,B (2673) St Petersburg 2018}) 11. e4 Ndb4 12. Qe2 b5 13. a4 bxa4 14. d5 $1 {[%cal Rd5c6]} ({Of course not} 14. Rxa4 Nd3 $17) 14... exd5 15. exd5 Na5 {[#] Hoping for ...Nb3.} 16. Rxa4 Nb3 {Threatens to win with ...Bd7.} 17. Qxc4 $146 ({Predecessor:} 17. Be3 Bd7 18. Rxa7 Nd3 19. Ne1 {1-0 (37) Goudriaan,E (2321)-Nicolas Zapata,I (2244) Can Picafort 2012}) 17... Nxc1 18. Rxc1 Bf5 {With the idea ...Nd3.} 19. Ne1 a6 20. Be4 Bc8 1/2-1/2

[Event "CAT-ch Open-Women 2019"]
[Site "Platja de la Pineda"]
[Date "2019.04.22"]
[Round "8.3"]
[White "Gonzalez Vericat, Sergio"]
[Black "Montilla Carrillo, Esteban"]
[Result "0-1"]
[WhiteElo "2122"]
[BlackElo "2178"]
[Annotator "NA"]
[PlyCount "100"]
[EventDate "2019.04.18"]
[EventType "swiss"]
[EventCountry "ESP"]
[SourceTitle "playchess.com"]
[Source "ChessBase"]
[SourceQuality "1"]
[TimeControl "5400+30"]

1. b3 e5 2. Bb2 Nc6 3. e3 Nf6 4. Bb5 Bd6 5. Na3 Na5 6. Be2 a6 7. c4 O-O 8. Nf3 Qe7 9. Nb1 e4 10. Nh4 g6 11. f4 exf3 12. Nxf3 Ng4 13. O-O b6 14. Nc3 Bb7 15. h3 Nh6 16. Bd3 f5 17. a3 c5 18. Na4 Bc7 19. Qc2 Bxf3 20. Rxf3 Nf7 21. Nc3 Be5 22. Nd5 Qd6 23. Rf4 Rab8 24. e4 Bxb2 25. Qxb2 Qe5 26. Qxe5 Nxe5 27. Bc2 Nac6 28. exf5 Nd4 29. Bd1 gxf5 30. Rb1 d6 31. b4 Nxc4 32. bxc5 bxc5 33. Rxb8 Rxb8 34. Ne7+ Kh8 35. Kh2 Rb2 36. Nxf5 Nxf5 37. Rxf5 Rxd2 38. Bb3 Ne3 39. Rf3 Rxg2+ 40. Kh1 Re2 41. Rf8+ Kg7 42. Rf7+ Kg6 43. Ra7 c4 44. Ba4 Rd2 45. Re7 Rd3 46. Bc6 d5 47. Be8+ Kf6 48. Rxh7 Rxa3 49. h4 c3 50. Rc7 c2 0-1

[Event "CAT-ch Open-Women 2019"]
[Site "Platja de la Pineda"]
[Date "2019.04.22"]
[Round "8.4"]
[White "Chueca Forcen, Alberto"]
[Black "Asis Gargatagli, Hipolito"]
[Result "0-1"]
[WhiteElo "2270"]
[BlackElo "2529"]
[Annotator "TA"]
[PlyCount "55"]
[EventDate "2019.04.18"]
[EventType "swiss"]
[EventCountry "ESP"]
[SourceTitle "playchess.com"]
[Source "ChessBase"]
[SourceQuality "1"]

{[%evp 17,55,29,45,37,52,30,29,33,60,59,66,37,52,56,45,-19,-22,-29,-10,-3,-1,-20,-24,-12,-19,-89,-89,-79,-72,-62,0,-29,0,-67,-65,-862,-845,-1361,0,-68]} 1. d4 d6 2. Nf3 g6 3. c4 Nf6 4. Nc3 Bg7 5. e4 O-O 6. h3 e5 7. d5 a5 8. Bg5 Na6 9. g4 Qe8 10. Nd2 {E90: King's Indian: Classical: Early deviations and 6 h3} Kh8 11. Be2 Ng8 12. a3 {White has an edge.} (12. h4 f5 13. gxf5 gxf5 14. Bh5 Qd7 15. Qe2 Nf6 16. Bf3 fxe4 17. Ndxe4 Nxe4 18. Nxe4 {1-0 (48) Wei,Y (2743)-Jones,G (2640) Wijk aan Zee 2018}) 12... f6 13. Be3 Bh6 14. Qc2 Qe7 $146 ({Predecessor:} 14... Bxe3 15. fxe3 Bd7 16. O-O-O a4 17. Kb1 Nc5 {½-½ (31) Hauff,A (2158)-Canibal,J (2332) ICCF email 2010}) 15. O-O-O f5 16. gxf5 ({Better is} 16. exf5 $14 gxf5 17. Bxh6 Nxh6 18. Rdg1) 16... gxf5 $11 {...f4 is the strong threat.} 17. exf5 Bxe3 18. fxe3 Bxf5 19. Bd3 Bxd3 20. Qxd3 Nc5 $36 {[%mdl 2048] Black is more active.} 21. Qe2 {[#]} (21. Qc2 $11 {keeps the balance.}) 21... Rf2 $1 $17 {[%cal Rf2e2][%mdl 512]} 22. Qh5 (22. Qxf2 Nd3+) 22... Nf6 23. Qh6 Ng8 24. Qh5 Nf6 (24... Raf8 $5 {[%cal Rf8f5]} 25. Rhf1 Qg7 $11) 25. Qh6 $1 Rf5 26. Rdf1 $2 {[%mdl 8192]} (26. e4 $15 Rf4 27. Rhf1) 26... Ng8 $19 27. Rd1 Nf6 $2 ({Black should play} 27... Nxh6 $19 28. Nce4 Nxe4 29. Nxe4 Rf3) 28. e4 {Accuracy: White = 42%, Black = 51%.} (28. Rdf1 $11 Ng8 29. Rxf5 Nxh6 30. Rf3) 0-1

[Event "CAT-ch Open-Women 2019"]
[Site "Platja de la Pineda"]
[Date "2019.04.22"]
[Round "8.4"]
[White "Garcia De Blas, Esteban"]
[Black "Saurina Suner, Francesc Xavier"]
[Result "1-0"]
[WhiteElo "1989"]
[BlackElo "2012"]
[Annotator "NA"]
[PlyCount "149"]
[EventDate "2019.04.18"]
[EventType "swiss"]
[EventCountry "ESP"]
[SourceTitle "playchess.com"]
[Source "ChessBase"]
[SourceQuality "1"]
[TimeControl "5400+30"]

1. d4 d5 2. Nf3 Nf6 3. c4 e6 4. Nc3 c6 5. cxd5 exd5 6. Qc2 Bd6 7. Bg5 O-O 8. e3 h6 9. Bh4 Re8 10. Bd3 Nbd7 11. O-O Nf8 12. Bf5 Bxf5 13. Qxf5 Qd7 14. Qxd7 N8xd7 15. Bxf6 Nxf6 16. a3 a5 17. Rfc1 a4 18. h3 Nd7 19. Kf1 Nb6 20. Nd2 f5 21. Ke2 Nd7 22. Kd3 Nf6 23. f3 Re6 24. Re1 Bc7 25. Re2 Rd6 26. b4 axb3 27. Nxb3 Nd7 28. Rb2 b6 29. Kd2 Re6 30. Rc2 Bd6 31. Rca2 Rae8 32. Re1 Bf4 33. Nd1 c5 34. Rc2 c4 35. Nc1 Bd6 36. Nc3 Nf6 37. Nb5 Bf4 38. Rc3 Bb8 39. Rd1 Rc6 40. Ne2 g5 41. Rg1 f4 42. exf4 Rce6 43. Nc1 Bxf4+ 44. Kc2 Bg3 45. Kb2 Ra8 46. Rc2 Ra5 47. Nc3 b5 48. N1a2 Be1 49. Re2 Rxe2+ 50. Nxe2 Bf2 51. Rd1 Kf7 52. Nac3 Ke6 53. f4 g4 54. hxg4 Nxg4 55. Rf1 Bh4 56. f5+ Kd6 57. Rh1 Bf6 58. Rh3 Kc6 59. Rg3 h5 60. Rh3 h4 61. g3 Ne3 62. gxh4 Ng4 63. Rg3 Bxh4 64. Rxg4 Be7 65. Rg6+ Kd7 66. Nb1 Ra8 67. Nec3 Rf8 68. Nxd5 Rxf5 69. Nxe7 Kxe7 70. Rb6 Kd7 71. Nc3 Rf2+ 72. Kc1 Rf3 73. Nxb5 Rd3 74. Kc2 Rh3 75. a4 1-0

[Event "CAT-ch Open-Women 2019"]
[Site "Platja de la Pineda"]
[Date "2019.04.22"]
[Round "8.5"]
[White "Herrera Reyes, Jose Antonio"]
[Black "Gomez Anadon, Daniel"]
[Result "1/2-1/2"]
[WhiteElo "2355"]
[BlackElo "2271"]
[Annotator "NA"]
[PlyCount "98"]
[EventDate "2019.04.18"]
[EventType "swiss"]
[EventCountry "ESP"]
[SourceTitle "playchess.com"]
[Source "ChessBase"]
[SourceQuality "1"]
[TimeControl "5400+30"]

1. Nf3 d5 2. g3 Nf6 3. Bg2 Bf5 4. d3 h6 5. O-O e6 6. c3 c6 7. Qb3 Qb6 8. Be3 Qa6 9. a4 Bd6 10. Qa2 c5 11. b4 cxb4 12. cxb4 Nbd7 13. Nd4 Bg6 14. b5 Qa5 15. b6 O-O 16. bxa7 Be5 17. h3 Rxa7 18. Nd2 Rfa8 19. N2b3 Qd8 20. a5 Ra6 21. Qd2 Bc7 22. Qb4 Bxa5 23. Nxa5 Rxa5 24. Rxa5 Rxa5 25. Qxb7 Qa8 26. Rb1 Qxb7 27. Rxb7 Ra1+ 28. Kh2 e5 29. Nb3 Rb1 30. Nc5 Rxb7 31. Nxb7 Bf5 32. f4 Be6 33. Nd6 exf4 34. gxf4 Bg4 35. Bf1 g6 36. Kg3 Be6 37. f5 Bxf5 38. Nxf5 gxf5 39. Bxh6 Kh7 40. Be3 Kg6 41. Bd4 Nf8 42. Bg2 Nh5+ 43. Kh4 Kh6 44. Be3+ f4 45. Bxd5 fxe3 46. Bxf7 Nf4 47. Kg3 Nxe2+ 48. Kf3 Nf4 49. Kxe3 Nxh3 1/2-1/2